Dark duet /

Wedi'i Gadw mewn:
Manylion Llyfryddiaeth
Prif Awdur: Michaels, Barbara, 1927-
Fformat: Llyfr
Iaith:English
Cyhoeddwyd: New York : Congdon & Weed, 1983.
Rhifyn:1st ed.
Pynciau:
LEADER 01071nam a2200301 a 4500
001 c000076646
003 CARM
005 00000000000000.0
008 830119s1983 nyu 00011 eng
010 |a 83001839 //r96 
019 1 |a 2457133  |5 LACONCORD2021 
020 |a 0865530831 :  |c $16.95 
035 |a (OCoLC)9218152  |5 LACONCORD2021 
050 0 0 |a PS3563.E747  |b A6 1983 
082 0 0 |a 813/.54  |2 19 
100 1 |a Michaels, Barbara,  |d 1927- 
240 1 0 |a Ammie, come home 
245 1 0 |a Dark duet /  |c Barbara Michaels. 
250 |a 1st ed. 
260 |a New York :  |b Congdon & Weed,  |c 1983. 
300 |a 252, 230 p. ;  |c 22 cm. 
505 0 |a Ammie, come home -- Prince of darkness. 
655 7 |a Romantic suspense novels.  |2 gsafd 
655 7 |a Horror tales.  |2 gsafd 
700 1 2 |a Michaels, Barbara,  |d 1927-  |t Prince of darknesss.  |f 1983. 
852 8 |b CARM  |h A2:AG27A0  |i B02781  |p 0128443  |f BK 
999 f f |i 5feb112f-a1b5-50be-ad99-10004aca7887  |s ce9f14a3-35f3-54bb-8e1f-045b27598225 
952 f f |p Can circulate  |a CAVAL  |b CAVAL  |c CAVAL  |d CARM 1 Store  |e B02781  |f A2:AG27A0  |h Other scheme  |i book  |m 0128443